000 00442nam a2200181Ia 4500
001 11290
005 20260306162817.0
008 260306t1989||||xx |||||||||||||| ||spa||
041 _aESP
082 _a985.02092
_bB96 1989
100 _aBusto Duthurburu, José Antonio del
_eAUT
245 0 _aLos trece de la fama
260 _c1989
300 _a140 páginas :
_c18 cm.
650 _aGEN
654 _aCHU
942 _cLIB
_dJUS
_fJUS
_2ddc
_n
999 _c11290
_d11290